| 000 | 00470cam a2200169 a 4500 | ||
|---|---|---|---|
| 020 | _a0534053521 | ||
| 040 | _cDLC | ||
| 082 | 0 | 0 | _a304 WAD 1986 A078 Or. |
| 100 | 1 | _aMiller, G. Tyler | |
| 245 | 1 | 0 |
_aEnvironmental science : _ban introduction / |
| 260 |
_aBelmont, Calif. : _bWadsworth Pub. Co., _cc1986. |
||
| 300 |
_axiii, 400 p. : _bill. (some col.) ; _c29 cm. |
||
| 500 | _aIncludes index. | ||
| 650 | 0 | _aEcology. | |
| 650 | 0 | _aEnvironmental sciences. | |
| 942 | _cEK | ||
| 999 |
_c15771 _d15771 |
||